00365 2200157 4500001002100000005001500021035002000036245003400056100001900090300001200109260003100121082000800152084001400160020002100174990001200195INLIS00000000000179320250506092543 a0010-05250000851 aHoney Money /cDebbie Widjaja0 aDebbie Widjaja a296 hlm aJakarta :bGramedia,c2015 a813 a813 DEB h a978-60203-1798-4 a0754580